|
|
|
|
| LEADER |
01319nam a2200313 4500 |
| 001 |
c000319589 |
| 003 |
CARM |
| 005 |
00000000000000.0 |
| 008 |
740514s1974 nyu b 00010 eng |
| 019 |
1 |
|
|a 436339
|z 56453208
|z 57736596
|5 LACONCORD2021
|
| 020 |
|
|
|a 0275288579
|
| 035 |
|
|
|a (OCoLC)915780
|5 LACONCORD2021
|
| 043 |
|
|
|a n-us---
|
| 050 |
0 |
0 |
|a HD205 1974
|b .H33
|
| 100 |
1 |
|
|a Hagevik, George H.
|
| 245 |
1 |
0 |
|a Air quality management and land use planning;
|b legal, administrative, and methodological perspectives
|c [by] George Hagevik, Daniel R. Mandelker [and] Richard K. Brail.
|
| 260 |
|
|
|a New York,
|b Praeger
|c [1974]
|
| 300 |
|
|
|a xiii, 332 p.
|c 25 cm.
|
| 490 |
0 |
|
|a Praeger special studies in U.S. economic, social, and political issues
|
| 504 |
|
|
|a Bibliography: p. 322-332.
|
| 650 |
|
0 |
|a Land use
|z United States
|x Planning.
|
| 650 |
|
0 |
|a Land tenure
|x Law and legislation
|z United States.
|
| 650 |
|
0 |
|a Air quality management
|z United States.
|
| 700 |
1 |
|
|a Mandelker, Daniel R.
|e joint author.
|
| 700 |
1 |
|
|a Brail, Richard K.
|e joint author.
|
| 852 |
8 |
|
|b CARM
|h A1:AL10C0
|i C10382
|p 0446407
|f BK
|
| 082 |
0 |
4 |
|a 333.7/0973
|
| 999 |
f |
f |
|i f5221051-f082-56c7-bc8e-8d0279826239
|s a6203914-48a5-59bf-ad1a-79069c4f98c6
|
| 952 |
f |
f |
|p Can circulate
|a CAVAL
|b CAVAL
|c CAVAL
|d CARM 1 Store
|e C10382
|f A1:AL10C0
|h Other scheme
|i book
|m 0446407
|